Sports Quiz

Random Sports or Baseball Quiz

MLB Nickname Weekend 2017: Indians Quiz Stats

 Plays Quiz not verified by Sporcle

Score 0/28 Timer 06:00
0 Plays Today
Nickname Player % Correct
KlubesCorey Kluber
94.5%
Miller TimeAndrew Miller
91.8%
SlamtanaCarlos Santana
90.4%
Bauer OutageTrevor Bauer
87.7%
BruuuceJay Bruce
86.3%
EEEdwin Encarnacion
83.6%
KipJason Kipnis
83.6%
Mr. SmileFrancisco Lindor
82.2%
GomerYan Gomes
80.8%
AJaxAustin Jackson
80.8%
CookieCarlos Carrasco
68.5%
Z-MacZach McAllister
65.8%
GioGiovanny Urshela
60.3%
BGBrandon Guyer
58.9%
Nickname Player % Correct
Dr. SmoothMichael Brantley
53.4%
GoodsNick Goody
49.3%
MachineBradley Zimmer
49.3%
BeboRoberto Perez
46.6%
SallyDanny Salazar
46.6%
PolloCody Allen
45.2%
SidewinderJoe Smith
45.2%
SunshineMike Clevinger
43.8%
OTDan Otero
43.8%
OlyTyler Olson
35.6%
GeekBryan Shaw
32.9%
ArmieShawn Armstrong
30.1%
La ParitaErik Gonzalez
23.3%
ScrubsJosh Tomlin
23.3%

You're not logged in!

Compare scores with friends on all Sporcle quizzes.
OR
Log In

Sporcle TV

Today on Sporcle TV


Watch our educational content, quiz creation guides, and fun videos on Sporcle TV.

Show Comments

Extras

Top Quizzes Today


Score Distribution

Your Account Isn't Verified!

In order to create a playlist on Sporcle, you need to verify the email address you used during registration. Go to your Sporcle Settings to finish the process.

Report this User

Report this user for behavior that violates our Community Guidelines.

Details: